| 000 | 00319nam a22001097a 4500 | ||
|---|---|---|---|
| 082 |
_a346.044 _bLAN |
||
| 245 |
_aLand Law: _b1998-1999 LLB Examination Questions and Suggested Solutions / _cSolutions by Allan Coombes |
||
| 260 |
_aLondon: _bOld Bailey Press, _c2001. |
||
| 300 | _a95 p. | ||
| 563 | _aPB. | ||
| 942 |
_2ddc _cBK |
||
| 999 |
_c613820 _d613820 |
||